Statistiken für Lyrics Pashanim Ms. Jackson

Klicken Sie hier um das Quiz zu spielen!

Allgemein

  • Dieses Quiz wurde 172 mal gespielt
  • Das Durchschnittsergebnis liegt bei 265 aus 434

Antwortstatistiken

Antwort% Korrekt
Ja
96%
Ich
92%
ich
92%
Jackson
90%
K
89%
Ms
89%
F
88%
ihr
87%
für
86%
im
85%
das
83%
Tochter
83%
Und
82%
und
82%
sie
79%
Sie
79%
hab
78%
ihre
76%
Ihre
76%
ein
75%
geschrieben
75%
mich
75%
nicht
75%
Taxi
75%
will
75%
kann
74%
Bin
71%
bin
71%
Ma
71%
sagt
71%
so
71%
ist
70%
Ist
70%
vergessen
70%
aus
68%
doch
68%
Kreuzberg
68%
wir
68%
61
67%
in
67%
komm
67%
sehen
67%
uns
67%
immer
65%
versprechen
65%
weil
65%
du
64%
Du
64%
Doppel-G
63%
Gang
63%
hat
63%
kanns
63%
wenn
63%
fragt
62%
Rockstar
62%
Jedes
61%
jedes
61%
kommt
61%
treffen
61%
wie
61%
Wie
61%
die
60%
es
60%
mit
60%
sehn
60%
sind
60%
viel
60%
wieder
58%
der
57%
was
57%
Wer
57%
an
56%
erzählen
56%
lern
56%
SIM-Karte
56%
von
56%
zu
56%
EA7
53%
Brüder
52%
Club
52%
dein
51%
dir
51%
Ey
51%
meiner
50%
passiert
50%
Jungen
49%
komponiert
49%
mir
49%
rauch
49%
aber
48%
einen
48%
mag
48%
Song
48%
wurd
48%
kontrolliert
47%
mussten
47%
nein
47%
AppleCare
45%
Prada
45%
Deine
44%
hör
44%
Mama
44%
schon
44%
sein
44%
Tut
43%
Bei
42%
bei
42%
Hood
42%
kein
42%
leid
42%
gibts
40%
hier
40%
hört
40%
meinen
40%
hinter
39%
schwer
39%
safe
38%
niemals
37%
viele
37%
Ketten
36%
Hindernisse
35%
können
35%
Pradas
35%
SLR
33%
wird
33%
kooperier
32%
Millionär
32%
lass
31%
Protection
31%
Bauch
30%
16
29%
Eisen
29%
setzen
29%
Action
28%
Päckchen
28%
pünktlich
28%
auf
27%
Wo
27%
Costello
26%
Geld
26%
Rücksitz
26%
Westberlin
26%
Cabrio
25%
frere
25%
Kunden
25%
man
25%
okay
25%
spielen
25%
trägst
25%
warten
25%
Altbauwohnung
24%
Revier
24%
werden
24%
Petit
22%
14
21%
dem
21%
Kontrollieren
21%
machst
21%
Passanten
21%
Sport
21%
fündig
20%
gründlich
20%
oder
20%
Bürgersteig
18%
Narcotic
18%
nur
18%
stündlich
18%
Blocks
17%
drückt
17%
rechts
17%
Tom
16%
aufs
15%
durch
15%
Ford
15%
IAM
15%
spring
15%
Tag
14%
fahren
13%
hinten
13%
jeden
13%
mehrmals
13%
unsere
13%
wegsehen
12%
Gegend
11%
Opel
11%
Zafira
10%
Daulis
9%
welchseln
2%

Verteilung der Resultate

Perzentil nach korrekt beantworteten Fragen

Anzahl Personen mit jedem Resultat

Ihre Resultats-Entwicklung

Sie haben dieses Quiz noch nicht gespielt